<?xml version="1.0" encoding="UTF-8"?>
<record
    xmlns:xsi="http://www.w3.org/2001/XMLSchema-instance"
    xsi:schemaLocation="http://www.loc.gov/MARC21/slim http://www.loc.gov/standards/marcxml/schema/MARC21slim.xsd"
    xmlns="http://www.loc.gov/MARC21/slim">

  <leader>01677nam a2200193 a 4500</leader>
  <controlfield tag="008">180918t2014    ag  |||g||||| 001 1 spa d</controlfield>
  <datafield tag="020" ind1=" " ind2=" ">
    <subfield code="a">9789870432791</subfield>
  </datafield>
  <datafield tag="041" ind1=" " ind2=" ">
    <subfield code="a">spa</subfield>
  </datafield>
  <datafield tag="092" ind1=" " ind2=" ">
    <subfield code="c">808</subfield>
    <subfield code="l">51</subfield>
    <subfield code="s">MCG</subfield>
  </datafield>
  <datafield tag="100" ind1="1" ind2=" ">
    <subfield code="a">McGuire, Jamie</subfield>
    <subfield code="9">4304</subfield>
  </datafield>
  <datafield tag="245" ind1=" " ind2=" ">
    <subfield code="a">Maravilloso desastre.</subfield>
    <subfield code="b">Intensa, peligrosa, adictiva...conoce tu nueva obsesi&#xF3;n /</subfield>
    <subfield code="c">Jamie McGuire</subfield>
  </datafield>
  <datafield tag="250" ind1=" " ind2=" ">
    <subfield code="a">1a ed.</subfield>
    <subfield code="b">Traducci&#xF3;n Julia Alqu&#xE9;zar</subfield>
  </datafield>
  <datafield tag="260" ind1=" " ind2=" ">
    <subfield code="a">Buenos Aires:</subfield>
    <subfield code="b">Aguilar, Altea, Taurus, Alfaguara;</subfield>
    <subfield code="c">2014.</subfield>
  </datafield>
  <datafield tag="300" ind1=" " ind2=" ">
    <subfield code="a">441 p.</subfield>
  </datafield>
  <datafield tag="500" ind1=" " ind2=" ">
    <subfield code="a">McGuire, J.(2014). Maravilloso desastre. (1a ed.). Buenos Aires : Aguilar, Altea, Taurus, Alfaguara.</subfield>
  </datafield>
  <datafield tag="505" ind1=" " ind2=" ">
    <subfield code="a">La chica buena: Abby Abernathy no toma alcohol, no se mete en l&#xED;os y trabaja muy duro. Cree que ha enterrado su oscuro pasado, pero cuando llega a la universidad, un rompecorazones conocido por sus historias de una noche pone en jaque su sue&#xF1;o de una nueva vida. 
El chico malo:Travis Maddox, sexy, musculoso y cubierto de tatuajes, es justamente el tipo de chico que atrae a Abby. Y precisamente lo que quiere evitar. Dedica sus noches a ganar dinero en un club de lucha itinerante, y sus d&#xED;as a ser el estudiante ejemplar y el seductor m&#xE1;s popular del campus. Una mezcla explosiva.
&#xBF;Un desastre inminente... Intrigado por el rechazo de Abby, Travis intenta entrar en su vida proponi&#xE9;ndole una apuesta que trastocar&#xE1; sus mundos y lo cambiar&#xE1; todo.
...O el inicio de algo maravilloso? En cualquier caso, Travis no tiene la m&#xE1;s m&#xED;nima idea de que ha iniciado un tornado de emociones, obsesiones y juegos que les terminar&#xE1; haciendo da&#xF1;o..., aunque puede que tambi&#xE9;n los una para siempre. </subfield>
  </datafield>
  <datafield tag="655" ind1=" " ind2=" ">
    <subfield code="a">Literatura</subfield>
    <subfield code="9">2917</subfield>
  </datafield>
  <datafield tag="942" ind1=" " ind2=" ">
    <subfield code="2">ddc</subfield>
    <subfield code="c">LIT</subfield>
  </datafield>
  <datafield tag="999" ind1=" " ind2=" ">
    <subfield code="c">3250</subfield>
    <subfield code="d">3250</subfield>
  </datafield>
  <datafield tag="952" ind1=" " ind2=" ">
    <subfield code="0">0</subfield>
    <subfield code="1">0</subfield>
    <subfield code="2">ddc</subfield>
    <subfield code="4">0</subfield>
    <subfield code="7">0</subfield>
    <subfield code="a">BFM</subfield>
    <subfield code="b">BFM</subfield>
    <subfield code="c">CR</subfield>
    <subfield code="d">2025-04-23</subfield>
    <subfield code="e">Donaci&#xF3;n Abril 2025. Chiara Montenegro</subfield>
    <subfield code="l">0</subfield>
    <subfield code="o">808 51 MCG</subfield>
    <subfield code="p">5007</subfield>
    <subfield code="r">2025-04-23</subfield>
    <subfield code="t">Ej.1</subfield>
    <subfield code="w">2025-04-23</subfield>
    <subfield code="y">LIT</subfield>
    <subfield code="z">Donaci&#xF3;n Abril 2025. Chiara Montenegro</subfield>
    <subfield code="f"></subfield>
  </datafield>
</record>
